000 00574nam a2200205 a 4500
001 42106
003 Mx-PuUPA
005 20241003143422.0
008 140415s2001 000 0 spa d
020 _a8472455475
040 _cMx-PuUPA
041 0 _aspa
082 _a617.6
_bMAR
100 1 _aChomsky, Noam,
_eautor
245 1 0 _aLa arquitectura del lenguaje /
_cNoam Chomsky
250 _aPrimera edición
264 1 _aBarcelona :
_bEditorial Kairós,
_c2003
942 _2ddc
_cLI
999 _c42106
_d42106